Specialist costs (Record no. 82360)
[ view plain ]
| 000 -LEADER | |
|---|---|
| fixed length control field | 00863cab a22002055a 4500 |
| 001 - CONTROL NUMBER | |
| control field | L150023 |
| 008 - FIXED-LENGTH DATA ELEMENTS--GENERAL INFORMATION | |
| fixed length control field | 100524e2010 xxk 000 0 eng d |
| 035 ## - SYSTEM CONTROL NUMBER | |
| System control number | (Sirsi) u150023 |
| 041 0# - LANGUAGE CODE | |
| Language code of text/sound track or separate title | eng |
| 100 1# - MAIN ENTRY--PERSONAL NAME | |
| Personal name | Mudie, Steve |
| 245 00 - TITLE STATEMENT | |
| Title | Specialist costs |
| Remainder of title | building envelopes |
| 260 ## - PUBLICATION, DISTRIBUTION, ETC. | |
| Date of publication, distribution, etc. | 2010 |
| 490 ## - SERIES STATEMENT | |
| Series statement | Building |
| Volume/sequential designation | 275 (8630) 21 May 2010, 52-57(6) |
| 520 ## - SUMMARY, ETC. | |
| Summary, etc. | Building performance relies on the skills of building envelope specialists to deliver high quality, cost-effective solutions; the 3 main categories of specialist contractor-designed building envelope solutions; market conditions; value drivers for solutions; procurement; effect of Part L 2010 on building envelopes; indicative costs and lead-in times. |
| 590 ## - LOCAL NOTE (RLIN) | |
| Local note | KA |
| 651 #4 - SUBJECT ADDED ENTRY--GEOGRAPHIC NAME | |
| Geographic name | United Kingdom |
| Chronological subdivision | |
| 690 ## - LOCAL SUBJECT ADDED ENTRY--TOPICAL TERM (OCLC, RLIN) | |
| Topical term or geographic name as entry element | BUILT ENVIRONMENT-BUILDING COSTS |
| 700 1# - ADDED ENTRY--PERSONAL NAME | |
| Personal name | Rawlinson, Simon |
| 942 ## - ADDED ENTRY ELEMENTS (KOHA) | |
| Suppress in OPAC | 0 |
| Withdrawn status | Lost status | Source of classification or shelving scheme | Damaged status | Not for loan | Home library | Current library | Shelving location | Date acquired | Total Checkouts | Full call number | Barcode | Date last seen | Copy number | Price effective from | Koha item type |
|---|---|---|---|---|---|---|---|---|---|---|---|---|---|---|---|
| Dewey Decimal Classification | London | London | Journal article | 24/05/2010 | L150023 | 150023-1001 | 06/08/2019 | 1 | 06/08/2019 | Journal article |